Campo abierto : (Record no. 169405)

MARC details
000 -CABECERA
campo de control de longitud fija 01372cas a2200277 a 4500
005 - FECHA Y HORA DE LA ÚLTIMA TRANSACCIÓN
campo de control 20260415064226.0
006 - ELEMENTOS DE LONGITUD FIJA – CARACTERÍSTICAS DE MATERIALES ADICIONALES – INFORMACIÓN GENERAL
campo de control de longitud fija s|||||o|||| 00| 0
008 - ELEMENTOS DE LONGITUD FIJA--INFORMACIÓN GENERAL
campo de control de longitud fija 991125c1982 sp fr p|o 000 0 spa d
022 ## - NÚMERO INTERNACIONAL NORMALIZADO PARA PUBLICACIONES SERIADAS
Número Internacional Normalizado para Publicaciones Seriadas 0213-9529
035 ## - NÚMERO DE CONTROL DEL SISTEMA
Número de control de sistema UPN01000197304
040 ## - FUENTE DE LA CATALOGACIÓN
Centro catalogador/agencia de origen MX-MxUPN
Lengua de catalogación spa
Centro/agencia transcriptor MX-MxUPN
Normas de descripción aacr2
049 ## - COLECCIÓN
Colección REV-E
245 00 - MENCIÓN DE TÍTULO
Título Campo abierto :
Resto del título revista de educación
Medio [recurso electrónico en línea]
260 ## - PUBLICACIÓN, DISTRIBUCIÓN, ETC.
Lugar de publicación, distribución, etc. España :
Nombre del editor, distribuidor, etc. Universidad de Extremadura. Facultad de Educación,
Fecha de publicación, distribución, etc. 1982-
310 ## - FRECUENCIA ACTUAL DE LA PUBLICACION
Periodicidad actual Semestral
321 ## - FRECUENCIA ANTERIOR DE LA PUBLICACION
Periodicidad anterior Anual
506 0# - NOTA DE RESTRICCIONES AL ACCESO
Limitaciones de acceso Acceso abierto
510 0# - NOTA DE CITAS O REFERENCIAS BIBLIOGRÁFICAS
Nombre de la fuente Latindex, Dialnet, Isoc, Rebiun
520 1# - NOTA DE RESUMEN, ETC.
Sumario, etc. "Publicación que evalúa, selecciona y publica trabajos enmarcados en líneas de investigación consolidadas, principalmente sobre: metodologías de investigación y evaluación educativa; análisis de sistemas educativos y políticas públicas; evolución e historia de los sistemas educativos contemporáneos; reformas e innovaciones educativas; calidad y equidad en educación; didáctica; selección, formación y desarrollo profesional del profesorado; cooperación internacional para el desarrollo de la educación".
650 #4 - ASIENTO SECUNDARIO DE MATERIA - TERMINO TEMATICO
Término de materia o nombre geográfico como elemento de entrada Evaluación educativa
9 (RLIN) 4298
650 #4 - ASIENTO SECUNDARIO DE MATERIA - TERMINO TEMATICO
Término de materia o nombre geográfico como elemento de entrada Educación
9 (RLIN) 682
856 40 - LOCALIZACIÓN Y ACCESO ELECTRÓNICOS
Identificador Uniforme del Recurso <a href="https://redib.org/Record/oai_revista4715-campo-abierto">https://redib.org/Record/oai_revista4715-campo-abierto</a>
902 ## - ELEMENTOS DE DATOS B LOCAL, LDB (RLIN)
Creó Gloria Jiménez/190825
905 ## - TIPO DE MATERIAL
Tipo de material Revista
942 ## - ELEMENTOS DE PUNTO DE ACCESO ADICIONAL (KOHA)
Tipo de ítem Koha Revista Electrónica
Holdings
Estado de retiro Estado de pérdida Fuente del sistema de clasificación o colocación Estado dañado No para préstamo Código de colección Localización permanente Ubicación/localización actual Ubicación en estantería Fecha de adquisición Fecha visto por última vez Tipo de ítem Koha
    Library of Congress Classification     Acceso abierto Bib. Gregorio Torres Quintero Bib. Gregorio Torres Quintero En línea 24/05/2022 24/05/2022 Revista Electrónica